000 00486nam a2200169Ia 4500
003 GCL
008 140319s9999 xx 000 0 ara d
040 _aGCL /
_cGCL
082 0 4 _aط
_b372.218
_bم ا
100 1 _aمصطفى مراد
245 1 0 _aالف باء من الالف الى الياء ا - ى /
_cمصطفى مراد
490 _a100 قصة
_v0
650 0 4 _aالتعليم
650 0 4 _aرياض الاطفال
650 0 4 _aتعليم الاطفال
942 _2ddc
_cBK
999 _c46295
_d46295